[Event "Mitropa Online Cup Open 2021"]
[Site "Hybrid"]
[Date "2021.05.04"]
[Round "8.3"]
[White "Csiki, Endre"]
[Black "Tica, Sven"]
[Result "1/2-1/2"]
[WhiteElo "2310"]
[BlackElo "2396"]
[Annotator "TA"]
[PlyCount "77"]
[EventDate "2021.05.04"]
[EventType "team-tourn"]
[EventCountry "NET"]
[SourceTitle "playchess.com"]
[Source "ChessBase"]
[SourceQuality "1"]
[WhiteTeam "Hungary"]
[BlackTeam "Croatia"]
[WhiteTeamCountry "HUN"]
[BlackTeamCountry "CRO"]

{[%evp 9,77,-9,8,0,0,0,9,4,28,0,8,11,11,23,36,0,0,4,7,0,0,0,0,0,0,-10,-9,-18,-8,-33,-15,-22,-24,-25,-28,-37,-38,-24,-41,-37,0,0,0,0,0,0,0,0,0,0,0,0,0,0,0,0,0,0,0,0,0,-8,0,0,0,0,0,0,0,0]} 1. e4 c6 2. Nf3 d5 3. d3 dxe4 4. dxe4 Qxd1+ 5. Kxd1 Nf6 6. Nfd2 {B10: Caro-Kann: 2 d3 and 2 c4.} g5 7. Nc3 Rg8 8. a4 {[#]} b6 $146 ({Predecessor:} 8... Nbd7 9. f3 g4 10. Nc4 e5 11. Be3 gxf3 12. gxf3 Nh5 13. Bh3 Nb6 14. Nxb6 axb6 15. Bxc8 Rxc8 16. Rg1 Rxg1+ 17. Bxg1 Rd8+ 18. Ke1 Bc5 19. Bxc5 bxc5 20. Ne2 {½-½ (20) Wang,K (2402)-Ostrovskiy,A (2431) Charlotte 2021}) 9. Nc4 Be6 10. h4 h6 11. hxg5 hxg5 12. f3 Bxc4 13. Bxc4 {aiming for e5.} Nbd7 14. Ke2 e6 15. Be3 Bc5 16. Nd1 Ke7 17. c3 Bxe3 18. Nxe3 Ne5 19. Bb3 Rh8 20. Bc2 Nh5 21. Kf2 Nf4 22. b4 Rxh1 23. Rxh1 Rd8 {[#] ...Rd2+ is the strong threat.} 24. Rd1 Rxd1 (24... Rh8 {is more complex.} 25. Rd4 b5 26. Rd2 bxa4 27. Bxa4 a5) 25. Nxd1 $15 {[%mdl 4096] Endgame KBN-KNN. The position is equal.} g4 26. Kg3 Ne2+ 27. Kf2 Nf4 28. Kg3 gxf3 29. gxf3 Neg6 30. e5 f5 (30... Ne2+ {keeps more tension.} 31. Kf2 Nef4 32. Kg3) 31. exf6+ $1 Kxf6 32. Bxg6 Nxg6 $11 {KN-KN} 33. Ne3 e5 34. Kf2 Nf4 35. Ng4+ Kf5 36. Ne3+ Ke6 37. Ke1 e4 38. fxe4 Ke5 39. Kd2 {Weighted Error Value: White=0.05/Black=0.04} 1/2-1/2

[Event "Mitropa Online Cup Open 2021"]
[Site "Hybrid"]
[Date "2021.05.04"]
[Round "8.4"]
[White "Shengelia, David"]
[Black "Spalir, Jernej"]
[Result "1-0"]
[WhiteElo "2521"]
[BlackElo "2389"]
[Annotator "ChessBase"]
[PlyCount "61"]
[EventDate "2021.05.04"]
[EventType "team-tourn"]
[EventCountry "NET"]
[SourceTitle "playchess.com"]
[Source "ChessBase"]
[SourceQuality "1"]
[WhiteTeam "Austria"]
[BlackTeam "Slovenia"]
[WhiteTeamCountry "AUT"]
[BlackTeamCountry "SLO"]
[TimeControl "40/5400+30:1800+30"]

1. c4 {[%emt 0:00:00]} c6 {[%emt 0:00:13]} 2. Nf3 {[%emt 0:00:20]} d5 {[%emt 0:00:05]} 3. e3 {[%emt 0:00:15]} Nf6 {[%emt 0:00:10]} 4. Nc3 {[%emt 0:00:52]} e6 {[%emt 0:01:32]} 5. b3 {[%emt 0:01:04]} Nbd7 {[%emt 0:01:10]} 6. Bb2 {[%emt 0:01:00]} Bd6 {[%emt 0:00:05]} 7. d4 {[%emt 0:05:58]} O-O {[%emt 0:01:09]} 8. Bd3 {[%emt 0:10:44]} Qe7 {[%emt 0:03:27]} 9. Qc2 {[%emt 0:04:17]} Re8 {[%emt 0:09:02]} 10. O-O-O {[%emt 0:12:10]} dxc4 {[%emt 0:10:15]} 11. bxc4 {[%emt 0:08:17]} e5 {[%emt 0:00:11]} 12. Ne4 {[%emt 0:06:07]} exd4 {[%emt 0:10:10]} 13. Nxd6 {[%emt 0:01:52]} Qxd6 {[%emt 0:00:06]} 14. exd4 {[%emt 0:00:35]} b5 {[%emt 0:05:38]} 15. c5 {[%emt 0:08:33]} Qd5 {[%emt 0:07:01]} 16. Ne5 {[%emt 0:11:21]} Nf8 {[%emt 0:00:40]} 17. a3 {[%emt 0:09:36]} Be6 {[%emt 0:07:29]} 18. f4 {[%emt 0:04:19]} Qa2 {[%emt 0:02:55]} 19. Qd2 {[%emt 0:01:25]} Bd5 {[%emt 0:02:45]} 20. Rhe1 {[%emt 0:01:12]} N6d7 {[%emt 0:01:27]} 21. Bb1 {[%emt 0:05:33]} Qb3 {[%emt 0:00:15]} 22. Bc2 {[%emt 0:00:14]} Qa2 {[%emt 0:00:05]} 23. Bb1 {[%emt 0:00:22]} Qb3 {[%emt 0:00:04]} 24. Bc2 {[%emt 0:00:06]} Qa2 {[%emt 0:00:05]} 25. Re3 {[%emt 0:00:15]} Nxe5 {[%emt 0:00:23]} 26. dxe5 {[%emt 0:00:54]} Rad8 {[%emt 0:03:18]} 27. f5 {[%emt 0:03:11]} Qc4 {[%emt 0:03:47]} 28. Qb4 {[%emt 0:00:19]} Bxg2 {[%emt 0:09:33]} 29. Rxd8 {[%emt 0:00:34]} Rxd8 {[%emt 0:00:07]} 30. Qxc4 {[%emt 0:00:04]} bxc4 {[%emt 0:00:06]} 31. Rg3 {[%emt 0:00:03]} 1-0

[Event "Mitropa Online Cup Open 2021"]
[Site "Hybrid"]
[Date "2021.05.04"]
[Round "8.4"]
[White "Sebenik, Matej"]
[Black "Dragnev, Valentin"]
[Result "0-1"]
[WhiteElo "2498"]
[BlackElo "2559"]
[Annotator "ChessBase"]
[PlyCount "66"]
[EventDate "2021.05.04"]
[EventType "team-tourn"]
[EventCountry "NET"]
[SourceTitle "playchess.com"]
[Source "ChessBase"]
[SourceQuality "1"]
[WhiteTeam "Slovenia"]
[BlackTeam "Austria"]
[WhiteTeamCountry "SLO"]
[BlackTeamCountry "AUT"]
[TimeControl "40/5400+30:1800+30"]

1. c4 {[%emt 0:00:00]} c6 {[%emt 0:00:50]} 2. Nf3 {[%emt 0:00:37]} d5 {[%emt 0:00:16]} 3. e3 {[%emt 0:00:09]} Nf6 {[%emt 0:00:17]} 4. Nc3 {[%emt 0:00:09]} e6 {[%emt 0:00:15]} 5. d4 {[%emt 0:03:35]} Nbd7 {[%emt 0:00:11]} 6. Qc2 {[%emt 0:00:03]} Bd6 {[%emt 0:00:13]} 7. b3 {[%emt 0:00:03]} O-O {[%emt 0:00:18]} 8. Be2 {[%emt 0:00:03]} b6 {[%emt 0:00:14]} 9. O-O {[%emt 0:00:07]} Bb7 {[%emt 0:00:07]} 10. Bb2 {[%emt 0:00:02]} Qe7 {[%emt 0:00:15]} 11. Rfe1 {[%emt 0:00:04]} Rfe8 {[%emt 0:07:44]} 12. Rad1 {[%emt 0:00:30]} Rad8 {[%emt 0:00:19]} 13. Bf1 {[%emt 0:00:52]} e5 {[%emt 0:04:57]} 14. dxe5 {[%emt 0:00:37]} Nxe5 {[%emt 0:00:09]} 15. Nd4 {[%emt 0:00:13]} dxc4 {[%emt 0:02:46]} 16. Nf5 {[%emt 0:00:34]} Qe6 {[%emt 0:00:55]} 17. Nxd6 {[%emt 0:01:28]} Rxd6 {[%emt 0:05:22]} 18. Rxd6 {[%emt 0:00:16]} Qxd6 {[%emt 0:00:09]} 19. Rd1 {[%emt 0:00:18]} Qe6 {[%emt 0:06:20]} 20. Ne4 {[%emt 0:12:16]} cxb3 {[%emt 0:04:17]} 21. axb3 {[%emt 0:37:36]} Nd5 {[%emt 0:01:21]} 22. Ng5 {[%emt 0:12:18]} Qh6 {[%emt 0:05:16]} 23. Bxe5 {[%emt 0:02:04]} Qxg5 {[%emt 0:10:47]} 24. Bg3 {[%emt 0:00:25]} h5 {[%emt 0:01:18]} 25. Qc4 {[%emt 0:19:56]} Qe7 {[%emt 0:00:47]} 26. Be2 {[%emt 0:01:27]} b5 {[%emt 0:04:52]} 27. Qh4 {[%emt 0:05:44]} Nc3 {[%emt 0:00:25]} 28. Rd2 {[%emt 0:00:05]} Qa3 {[%emt 0:17:56]} 29. Bf1 {[%emt 0:00:58]} Qc1 {[%emt 0:07:25]} 30. Qd4 {[%emt 0:00:05]} b4 {[%emt 0:00:33]} 31. Qd7 {[%emt 0:01:47]} Rf8 {[%emt 0:01:18]} 32. Qxb7 {[%emt 0:00:28]} Qxd2 {[%emt 0:00:23]} 33. Qxc6 {[%emt 0:00:03]} Ne2+ {[%emt 0:01:18]} 0-1

[Event "Mitropa Online Cup Open 2021"]
[Site "Hybrid"]
[Date "2021.05.04"]
[Round "8.4"]
[White "Schwabeneder, Florian"]
[Black "Markoja, Boris"]
[Result "1/2-1/2"]
[WhiteElo "2443"]
[BlackElo "2442"]
[Annotator "TA"]
[PlyCount "54"]
[EventDate "2021.05.04"]
[EventType "team-tourn"]
[EventCountry "NET"]
[SourceTitle "playchess.com"]
[Source "ChessBase"]
[SourceQuality "1"]
[WhiteTeam "Austria"]
[BlackTeam "Slovenia"]
[WhiteTeamCountry "AUT"]
[BlackTeamCountry "SLO"]

{[%evp 13,54,26,30,0,2,0,0,-26,-12,-20,-13,-20,-12,-28,-26,-27,-16,-25,-31,-38,-29,-22,-25,-21,-27,-26,-29,-27,-25,-31,-32,-30,-22,-32,-27,-39,-21,-35,0,-32,0,-39,0]} 1. c4 Nf6 2. Nf3 e6 3. g3 d5 4. Bg2 dxc4 5. Qa4+ Nbd7 6. Qxc4 a6 7. Qc2 c5 8. a4 {A13: English Opening: 1...e6.} b6 9. O-O Bb7 10. Nc3 {The position is equal.} Rc8 11. d3 Bd6 {[#]} 12. Bg5 $146 ({Predecessor:} 12. b3 O-O 13. Bb2 Qc7 14. Rfc1 Rfd8 15. Nd1 Qb8 16. Qc3 Bf8 17. e4 Qc7 18. Ne3 {1-0 (54) Burmakin,V (2588)-Brynell,S (2486) Bugibba 2011}) 12... h6 13. Bxf6 Nxf6 14. Nd2 Bxg2 15. Kxg2 O-O 16. Qb3 Rb8 17. Nde4 Nxe4 18. Nxe4 Be5 19. Qc2 Qd5 {[#] aiming for ...f5.} 20. Kg1 Rfc8 21. Rfc1 Rc7 22. Rab1 Rbc8 23. b3 b5 24. Nd2 Bf6 25. Ne4 Be5 26. Nd2 Bf6 27. Ne4 Be5 {Weighted Error Value: White=0.06/Black=0.07} 1/2-1/2

[Event "Mitropa Online Cup Open 2021"]
[Site "Hybrid"]
[Date "2021.05.04"]
[Round "8.4"]
[White "Tomazini, Zan"]
[Black "Morgunov, Marc"]
[Result "1/2-1/2"]
[WhiteElo "2406"]
[BlackElo "2385"]
[Annotator "TA"]
[PlyCount "78"]
[EventDate "2021.05.04"]
[EventType "team-tourn"]
[EventCountry "NET"]
[SourceTitle "playchess.com"]
[Source "ChessBase"]
[SourceQuality "1"]
[WhiteTeam "SLO"]
[BlackTeam "AUT"]
[BlackTeamCountry "AUT"]

{[%evp 9,78,18,23,0,4,-11,-8,-13,-11,-4,0,-2,16,-8,13,-23,0,0,14,7,7,7,7,6,7,7,11,15,10,0,0,0,2,8,8,0,7,7,7,9,7,7,9,8,12,6,16,0,0,0,0,0,0,-6,0,0,1,-10,-8,-20,0,0,0,-17,-16,-15,0,0,0,0,0]} 1. e4 c5 2. c3 d5 3. exd5 Qxd5 4. d4 Nf6 5. Nf3 e6 6. a3 {B22: Sicilian: 2 c3.} Nc6 $1 {The main line 6...Nc6 scores better than 6...Be7.} 7. Be3 Be7 8. Be2 O-O 9. O-O {[#]} b6 $146 ({Predecessor:} 9... cxd4 10. cxd4 b6 11. Nc3 Qd6 12. Nb5 Qd8 13. Ne5 Bb7 14. Bf3 Nd5 15. Qe2 Bf6 16. Ng4 Be7 17. Ne5 a6 18. Nc3 Nxe5 19. dxe5 Nxc3 20. bxc3 Bxf3 21. Qxf3 {0-1 (47) Yordanova,S (2158)-Muzychuk,A (2545) Izmir 2016}) 10. dxc5 bxc5 11. b4 Bb7 12. Qa4 a6 13. Nbd2 {The position is equal.} Ng4 14. Bxc5 Bxc5 15. bxc5 Nf6 16. Rab1 Rab8 17. Bxa6 Bxa6 18. Qxa6 Qxc5 19. c4 Nd4 20. Nxd4 Qxd4 21. Nf3 Qc5 22. Qa4 Ra8 23. Qb4 Ne4 24. Qxc5 Nxc5 25. Rb5 Rfc8 26. Ra1 f6 27. Nd4 Ra4 28. Rb4 (28. Rb6 {is more complex.} Rxc4 29. Nxe6 Nxe6 30. Rxe6 Ra4 31. g3) 28... Rca8 {[#] Hoping for ...Rxb4.} 29. Nc2 Nd3 30. Rxa4 Rxa4 $11 {[%mdl 4096] Endgame KRN-KRN} 31. Ne3 f5 32. g3 g5 33. Kg2 Kf7 34. Kf3 f4 35. gxf4 gxf4 36. Ng2 Rxc4 {[#] White must now prevent ...Ne5+.} 37. Ne1 Nxe1+ 38. Rxe1 Rc3+ 39. Kxf4 Rxa3 {A rather calm draw.  Weighted Error Value: White=0.06/Black=0.05} 1/2-1/2

[Event "Mitropa Online Cup Open 2021"]
[Site "Hybrid"]
[Date "2021.05.04"]
[Round "8.5"]
[White "Moroni, Luca Jr"]
[Black "Lagarde, Maxime"]
[Result "1/2-1/2"]
[WhiteElo "2557"]
[BlackElo "2638"]
[Annotator "TA"]
[PlyCount "64"]
[EventDate "2021.05.04"]
[EventType "team-tourn"]
[EventCountry "NET"]
[SourceTitle "playchess.com"]
[Source "ChessBase"]
[SourceQuality "1"]
[WhiteTeam "Italy"]
[BlackTeam "France"]
[WhiteTeamCountry "ITA"]
[BlackTeamCountry "FRA"]

{[%evp 13,64,31,58,35,24,15,21,23,16,11,8,10,10,0,12,4,6,0,0,-12,0,0,0,-12,-11,-12,-7,-19,14,15,21,1,1,1,1,0,0,0,0,0,0,0,0,0,0,0,3,3,10,0,8,8,17]} 1. Nf3 Nf6 2. c4 g6 3. g3 Bg7 4. Bg2 O-O 5. Nc3 d6 6. d4 Nc6 7. O-O e5 8. dxe5 {The modern move. E62: King's Indian: Fianchetto: 6...c6 and Panno Variation (6...Nc6) without ...a6.} (8. d5 $5 {[%cal Rd5c6]} Na5 9. b3 $14) 8... Nxe5 9. b3 Nxf3+ 10. Bxf3 Ne4 {[#]} 11. Bxe4 $146 {[#] aiming for Bb2.The position is equal.} ({Predecessor:} 11. Nxe4 Bxa1 12. Bg5 f6 13. Bh6 Be5 14. Bxf8 Qxf8 15. Bg2 f5 16. Ng5 c6 17. Qd2 {½-½ (52) Barp,A (2377)-Kovalev,V (2648) Chess.com INT 2020}) 11... Bxc3 12. Rb1 Re8 13. Qc2 Qf6 14. Bg2 a5 15. Bb2 Bxb2 16. Qxb2 Qxb2 17. Rxb2 a4 18. e3 axb3 19. axb3 Re5 20. b4 Be6 21. Bxb7 Ra7 22. Bd5 (22. Bc6 {with more complications.} Bxc4 23. Rc1 Be6 24. e4 Bg4 25. Rc3) 22... Bxd5 23. cxd5 Rxd5 $11 {[%mdl 4096] Endgame KRR-KRR} 24. Rc1 Rb5 25. Rbc2 Rbb7 26. Rc4 Kf8 27. Re4 Ra8 28. Kg2 Re8 29. Rec4 Re7 30. g4 Ke8 31. h4 Kd8 32. Rf4 Rb5 {Weighted Error Value: White=0.04/Black=0.04} 1/2-1/2

[Event "Mitropa Online Cup Open 2021"]
[Site "Hybrid"]
[Date "2021.05.04"]
[Round "8.5"]
[White "Brunello, Sabino"]
[Black "Travadon, Loic"]
[Result "1-0"]
[WhiteElo "2519"]
[BlackElo "2414"]
[Annotator "ChessBase"]
[PlyCount "87"]
[EventDate "2021.05.04"]
[EventType "team-tourn"]
[EventCountry "NET"]
[SourceTitle "playchess.com"]
[Source "ChessBase"]
[SourceQuality "1"]
[WhiteTeam "Italy"]
[BlackTeam "France"]
[WhiteTeamCountry "ITA"]
[BlackTeamCountry "FRA"]
[TimeControl "40/5400+30:1800+30"]

1. d4 {[%emt 0:00:07]} Nf6 {[%emt 0:04:03]} 2. c4 {[%emt 0:00:07]} e6 {[%emt 0:00:06]} 3. Nf3 {[%emt 0:00:26]} d5 {[%emt 0:00:06]} 4. Nc3 {[%emt 0:00:29]} Bb4 {[%emt 0:00:06]} 5. Qa4+ {[%emt 0:01:14]} Nc6 {[%emt 0:00:09]} 6. a3 {[%emt 0:01:36]} Bxc3+ {[%emt 0:00:39]} 7. bxc3 {[%emt 0:00:07]} Ne4 {[%emt 0:03:45]} 8. Qc2 {[%emt 0:05:19]} Nd6 {[%emt 0:02:26]} 9. c5 {[%emt 0:20:46]} Ne4 {[%emt 0:00:50]} 10. e3 {[%emt 0:01:05]} b6 {[%emt 0:01:20]} 11. c4 {[%emt 0:04:43]} bxc5 {[%emt 0:01:31]} 12. cxd5 {[%emt 0:03:13]} exd5 {[%emt 0:00:07]} 13. dxc5 {[%emt 0:00:12]} O-O {[%emt 0:01:15]} 14. Bb2 {[%emt 0:04:56]} Rb8 {[%emt 0:03:28]} 15. Bd3 {[%emt 0:01:25]} Qe7 {[%emt 0:00:51]} 16. O-O {[%emt 0:07:13]} Qxc5 {[%emt 0:02:28]} 17. Rfc1 {[%emt 0:04:45]} Qxc2 {[%emt 0:00:22]} 18. Rxc2 {[%emt 0:00:11]} Rb6 {[%emt 0:01:44]} 19. Rac1 {[%emt 0:07:13]} Bd7 {[%emt 0:01:30]} 20. Be5 {[%emt 0:14:02]} Rb3 {[%emt 0:02:57]} 21. Bf1 {[%emt 0:11:07]} Nxe5 {[%emt 0:00:25]} 22. Nxe5 {[%emt 0:00:47]} Be6 {[%emt 0:00:08]} 23. a4 {[%emt 0:03:32]} Ra3 {[%emt 0:02:53]} 24. Rxc7 {[%emt 0:02:03]} Rxa4 {[%emt 0:00:16]} 25. Nc6 {[%emt 0:01:22]} Ra8 {[%emt 0:00:23]} 26. Nd4 {[%emt 0:00:50]} a5 {[%emt 0:03:32]} 27. f3 {[%emt 0:02:45]} Nf6 {[%emt 0:00:08]} 28. g4 {[%emt 0:01:24]} h6 {[%emt 0:00:27]} 29. h4 {[%emt 0:00:14]} Ra3 {[%emt 0:00:49]} 30. Kf2 {[%emt 0:00:10]} a4 {[%emt 0:01:57]} 31. Nxe6 {[%emt 0:00:47]} fxe6 {[%emt 0:00:35]} 32. g5 {[%emt 0:00:36]} hxg5 {[%emt 0:00:15]} 33. hxg5 {[%emt 0:00:06]} Ra2+ {[%emt 0:00:50]} 34. Kg3 {[%emt 0:01:11]} Ne8 {[%emt 0:00:49]} 35. Re7 {[%emt 0:00:50]} a3 {[%emt 0:00:35]} 36. Bh3 {[%emt 0:00:15]} Kf8 {[%emt 0:00:26]} 37. Rd7 {[%emt 0:00:09]} Ra6 {[%emt 0:02:02]} 38. g6 {[%emt 0:00:41]} e5 {[%emt 0:00:24]} 39. Rf7+ {[%emt 0:00:18]} Kg8 {[%emt 0:00:05]} 40. Bf5 {[%emt 0:00:00]} Ra1 {[%emt 0:00:00]} 41. Rxa1 {[%emt 0:00:58]} Nd6 {[%emt 0:20:25]} 42. Be6 {[%emt 0:01:11]} Nxf7 {[%emt 0:00:27]} 43. gxf7+ {[%emt 0:00:09]} Kf8 {[%emt 0:00:07]} 44. Bxd5 {[%emt 0:00:04]} 1-0

[Event "Mitropa Online Cup Open 2021"]
[Site "Hybrid"]
[Date "2021.05.04"]
[Round "8.5"]
[White "Sochacki, Christophe"]
[Black "Basso, Pier Luigi"]
[Result "1/2-1/2"]
[WhiteElo "2477"]
[BlackElo "2552"]
[Annotator "RC"]
[PlyCount "92"]
[EventDate "2021.05.04"]
[EventType "team-tourn"]
[EventCountry "NET"]
[SourceTitle "playchess.com"]
[Source "ChessBase"]
[SourceQuality "1"]
[WhiteTeam "France"]
[BlackTeam "Italy"]
[WhiteTeamCountry "FRA"]
[BlackTeamCountry "ITA"]
[TimeControl "40/5400+30:1800+30"]

1. d4 {[%emt 0:00:00]} d5 {[%emt 0:00:14]} 2. c4 {[%emt 0:00:10]} c6 {[%emt 0:00:06]} 3. cxd5 {[%emt 0:00:23]} cxd5 {[%emt 0:00:05]} 4. Bf4 {[%emt 0:00:27]} Nc6 {[%emt 0:00:17]} 5. e3 {[%emt 0:00:10]} Bf5 {[%emt 0:01:41]} 6. Qb3 {[%emt 0:11:05]} Qd7 {[%emt 0:00:59]} 7. Nf3 {[%emt 0:02:36]} f6 {[%emt 0:01:40]} 8. Nc3 {[%emt 0:03:33]} e6 {[%emt 0:00:34]} 9. h4 {[%emt 0:07:47]} h5 {[%emt 0:16:11]} 10. Rc1 {[%emt 0:00:29]} Nh6 {[%emt 0:02:06]} 11. Bb5 {[%emt 0:05:11]} Rc8 {[%emt 0:02:08]} 12. Na4 {[%emt 0:02:26]} Nf7 {[%emt 0:01:18]} 13. O-O {[%emt 0:04:30]} Be7 {[%emt 0:03:07]} 14. Nc5 {[%emt 0:02:44]} Bxc5 {[%emt 0:00:40]} 15. Rxc5 {[%emt 0:00:06]} a6 {[%emt 0:06:25]} 16. Bxc6 {[%emt 0:01:42]} Rxc6 {[%emt 0:00:08]} 17. Rfc1 {[%emt 0:12:41]} Nd8 {[%emt 0:01:04]} 18. Nd2 {[%emt 0:07:53]} O-O {[%emt 0:03:10]} 19. Qd1 {[%emt 0:00:31]} Bg6 {[%emt 0:03:10]} 20. Nb3 {[%emt 0:00:16]} b6 {[%emt 0:06:13]} 21. R5c3 {[%emt 0:00:13]} Rxc3 {[%emt 0:04:05]} 22. Rxc3 {[%emt 0:00:09]} Nc6 {[%emt 0:00:17]} 23. Qc1 {[%emt 0:01:58]} Rc8 {[%emt 0:00:21]} 24. a3 {[%emt 0:01:39]} Qb7 {[%emt 0:01:09]} 25. Bg3 {[%emt 0:01:26]} Be8 {[%emt 0:00:39]} 26. Qc2 {[%emt 0:03:47]} Ne7 {[%emt 0:01:48]} 27. Rxc8 {[%emt 0:02:22]} Nxc8 {[%emt 0:01:48]} 28. Nc1 {[%emt 0:00:54]} Bb5 {[%emt 0:02:29]} 29. Ne2 {[%emt 0:02:09]} Bxe2 {[%emt 0:01:17]} 30. Qxe2 {[%emt 0:00:05]} g6 {[%emt 0:00:17]} 31. f3 {[%emt 0:09:28]} Ne7 {[%emt 0:03:55]} 32. e4 {[%emt 0:00:22]} Qc8 {[%emt 0:07:04]} 33. Kh2 {[%emt 0:02:13]} Kf7 {[%emt 0:03:23]} 34. Bd6 {[%emt 0:01:45]} Nc6 {[%emt 0:01:16]} 35. Qe3 {[%emt 0:00:32]} Qd8 {[%emt 0:03:33]} 36. Qf4 {[%emt 0:04:41]} b5 {[%emt 0:08:29]} 37. e5 {[%emt 0:00:18]} Kg7 {[%emt 0:02:59]} 38. exf6+ {[%emt 0:08:42]} Qxf6 {[%emt 0:00:14]} 39. Be5 {[%emt 0:00:29]} Nxe5 {[%emt 0:00:16]} 40. Qxe5 {[%emt 0:00:00]} Qxe5+ {[%emt 0:00:00]} 41. dxe5 {[%emt 0:00:14]} Kf7 {[%emt 0:14:41]} 42. b4 {[%emt 0:02:20]} Ke7 {[%emt 0:00:25]} 43. Kg3 {[%emt 0:00:08]} Kf7 {[%emt 0:01:42]} 44. Kf2 {[%emt 0:00:22]} Kg7 {[%emt 0:00:40]} 45. f4 {[%emt 0:01:23]} Kf7 {[%emt 0:00:10]} 46. Ke3 {[%emt 0:00:06]} Ke7 {[%emt 0:00:15]} 1/2-1/2

[Event "Mitropa Online Cup Open 2021"]
[Site "Hybrid"]
[Date "2021.05.04"]
[Round "8.5"]
[White "Razafindratsima, Timothe"]
[Black "Sonis, Francesco"]
[Result "1-0"]
[WhiteElo "2341"]
[BlackElo "2493"]
[Annotator "TA"]
[PlyCount "73"]
[EventDate "2021.05.04"]
[EventType "team-tourn"]
[EventCountry "NET"]
[SourceTitle "playchess.com"]
[Source "ChessBase"]
[SourceQuality "1"]
[WhiteTeam "FRA"]
[BlackTeam "ITA"]
[BlackTeamCountry "ITA"]

{[%evp 9,73,4,7,4,8,0,0,-16,0,10,8,-17,-14,-25,13,18,26,14,17,18,10,16,48,49,55,42,91,87,96,104,126,127,326,329,510,485,480,356,384,387,364,383,379,377,349,383,381,375,392,364,439,429,437,428,525,500,1785,1742,2005,1732,29989,29990,29990,1172,29990,29991]} 1. e4 e5 2. Nf3 Nc6 3. Bb5 a6 4. Ba4 Nf6 5. Nc3 Bc5 6. Bxc6 {C77: Ruy Lopez: 3...a6 4 Ba4 Nf6, unusual lines.} dxc6 7. d3 Qe7 8. h3 {The position is equal.} h6 9. Qe2 Bd6 10. Be3 Be6 11. a3 {[%cal Ba2a3,Ba3a4][%mdl 32]} c5 12. Nd2 {[#]} b5 $146 {[%cal Bb7b5,Bb5b4][%mdl 32]} ({Predecessor:} 12... Nd7 13. Nc4 b5 14. Nxd6+ cxd6 15. f4 exf4 16. Bxf4 Ne5 17. O-O O-O {½-½ (16) Rodrigues,T (2169)-Mendonca,M (2426) Sao Paulo 2015}) 13. a4 b4 14. Nd1 {[%cal Bc3d1,Bd1b2,Bb2c4][%mdl 32]} Nd7 15. b3 Nf8 16. Nb2 Bd7 17. Nbc4 g5 18. h4 gxh4 19. O-O-O Ng6 20. g3 O-O-O $2 {Loses the game.} (20... h5 $16 {is a better defense.}) 21. Na5 $1 $18 Qe6 (21... Be8 {keeps fighting.} 22. d4 exd4) 22. d4 Be7 23. dxc5 {Hoping for c6!} Kb8 24. f4 exf4 25. gxf4 Bf6 26. Qf3 {And now e5 would win.} Ne5 27. fxe5 {[%mdl 64] Discovered Attack} Qxe5 {[%csl Gf6][%cal Re5b2]} 28. Nac4 Qa1+ 29. Nb1 Bc6 30. Rxd8+ Rxd8 31. Rf1 Bh8 32. Qxf7 h3 (32... Qg7 $142 33. Qe6 Bb7) 33. Qe6 Bb7 34. c6 {Intending Qe7! and mate.} Bc8 35. Qe7 {[%mdl 64] Double Attack} Bf6 {[#]} 36. Qxf6 (36. Ba7+ $142 $1 {[%mdl 512]} Ka8 37. Qxc7 Bg5+ {[#]} 38. Rf4 $1 {[%mdl 512]} Bxf4+ 39. Qxf4 Rd1+ {[%mdl 64] Decoy} 40. Kxd1 Qxb1+ 41. Kd2) 36... Rd1+ 37. Kxd1 {Weighted Error Value: White=0.09/Black=0.60} 1-0